The classical theory of fields / (Record no. 9025)
[ view plain ]
| 000 -LEADER | |
|---|---|
| fixed length control field | 01176nam a2200325 a 4500 |
| 001 - CONTROL NUMBER | |
| control field | 9025 |
| 003 - CONTROL NUMBER IDENTIFIER | |
| rucl marc code | BD-RjUL |
| 005 - DATE AND TIME OF LATEST TRANSACTION | |
| control field | 20211208234712.0 |
| 008 - FIXED-LENGTH DATA ELEMENTS--GENERAL INFORMATION | |
| fixed length control field | 140120t1962 enka b 001 0 eng d |
| 035 ## - SYSTEM CONTROL NUMBER | |
| System control number | (BD-RjUL) 9070 |
| 040 ## - CATALOGING SOURCE | |
| Original cataloging agency | BD-RjUL |
| Language of cataloging | eng |
| Transcribing agency | BD-RjUL |
| Modifying agency | BD-RjUL |
| 041 1# - LANGUAGE CODE | |
| Language code of text/sound track or separate title | engrus |
| 082 00 - DEWEY DECIMAL CLASSIFICATION NUMBER | |
| Classification number | 530.141 |
| Edition number | 23 |
| Author mark and year | LAC 1962 |
| 100 1# - MAIN ENTRY--PERSONAL NAME | |
| Personal name | Landau, L. D. |
| Fuller form of name | (Lev Davidovich), |
| Dates associated with a name | 1908-1968. |
| 9 (RLIN) | 25851 |
| 245 14 - TITLE STATEMENT | |
| Title | The classical theory of fields / |
| Statement of responsibility, etc. | L. D. Landau and E. M. Lifshitz ; translated from the Russian by Morton Hamermesh |
| 250 ## - EDITION STATEMENT | |
| Edition statement | 2nd rev. English ed. |
| 260 ## - PUBLICATION, DISTRIBUTION, ETC. (IMPRINT) | |
| Place of publication, distribution, etc. | Oxford : |
| Name of publisher, distributor, etc. | Pergamon, |
| Date of publication, distribution, etc. | c1962. |
| 300 ## - PHYSICAL DESCRIPTION | |
| Pagination | ix, 404 p. : |
| Illustrations | ill. ; |
| Size | 27 cm. |
| 490 1# - SERIES STATEMENT | |
| Series statement | Course of theoritical Physics. |
| 500 ## - GENERAL NOTE | |
| General note | Translated from the 6th rev. ed. of Teoriia polia |
| 504 ## - BIBLIOGRAPHY, ETC. NOTE | |
| Bibliography, etc | Includes bibliographical references and index |
| 505 ## - FORMATTED CONTENTS NOTE | |
| Formatted contents note | Vol. 2-- Course of theoretical physics |
| 650 #0 - SUBJECT ADDED ENTRY--TOPICAL TERM | |
| Topical term or geographic name as entry element | Electromagnetic fields |
| 9 (RLIN) | 27745 |
| Topical term or geographic name as entry element | Field theory (Physics) |
| 9 (RLIN) | 21444 |
| 700 1# - ADDED ENTRY--PERSONAL NAME | |
| Personal name | Lifshit͡s, E. M. |
| Fuller form of name | (Evgeniĭ Mikhaĭlovich) |
| Personal name | Hamermesh, M. |
| Fuller form of name | (Morton), |
| Dates associated with a name | 1915-2003 |
| 942 ## - ADDED ENTRY ELEMENTS (KOHA) | |
| Source of classification or shelving scheme | Dewey Decimal Classification |
| Koha item type | Books |
| Lost status | Source of classification or shelving scheme | Damaged status | Not for loan | Collection code | Permanent Location | Current Location | Date acquired | Source of acquisition | Cost, normal purchase price | Total Checkouts | Full call number | Date last seen | Copy number | Koha item type | Shelving location |
|---|---|---|---|---|---|---|---|---|---|---|---|---|---|---|---|
| Dewey Decimal Classification | Non-fiction | Central Library, University of Rajshahi | Central Library, University of Rajshahi | 08/05/1964 | Zeitlinger | 80.00 | 530.141 LAC V-2 1962 | 20/01/2014 | C-3 | Books | |||||
| Dewey Decimal Classification | Non-fiction | Central Library, University of Rajshahi | Central Library, University of Rajshahi | 14/11/1963 | Zeitlinger | 84.00 | 530.141 LAC V-2 1962 | 20/01/2014 | C-1 | Books | |||||
| Dewey Decimal Classification | Non-fiction | Central Library, University of Rajshahi | Central Library, University of Rajshahi | 05/05/2001 | Sona ent. pri. | 155.40 | 530.141 LAC V-2 1962 | 09/05/2017 | C-2 | Books | |||||
| Dewey Decimal Classification | Non-fiction | Central Library, University of Rajshahi | Central Library, University of Rajshahi | 05/05/2001 | Sona, Enterprise, Rajshahi | 155.40 | 530.141 LAC V-2 1962 | 09/05/2017 | C-4 | Books | |||||
| Dewey Decimal Classification | Non-fiction | Central Library, University of Rajshahi | Central Library, University of Rajshahi | 05/05/2001 | sona, Enterprise Rajshahi | 155.40 | 530.141 LAC V-2 1962 | 09/05/2017 | C-5 | Books | |||||
| Dewey Decimal Classification | Non-fiction | Central Library, University of Rajshahi | Central Library, University of Rajshahi | 11/11/1965 | Zeit | 80.00 | 530.141 LAC V-2 1962 | 25/05/2017 | C-6 | Books | Reading Room | ||||
| Dewey Decimal Classification | Non-fiction | Central Library, University of Rajshahi | Central Library, University of Rajshahi | 27/06/1963 | Zetlinger | 530.141 LAC V-2 1962 | 25/05/2017 | C-7 | Books |